[Event "Titled Tuesday intern op 09th Jul Early"]
[Site "Chess.com INT"]
[Date "2024.07.09"]
[Round "6"]
[White "Kuznetsova, Olga"]
[Black "Hayrapetyan, Edgar"]
[Result "1-0"]
[WhiteElo "2142"]
[BlackElo "2288"]
[PlyCount "121"]
[EventDate "2024.07.09"]
[EventType "swiss (blitz)"]
[EventRounds "11"]
[EventCountry "USA"]
[SourceTitle "EXT 2025"]
[Source "ChessBase"]
[SourceDate "2024.10.14"]
[SourceVersion "1"]
[SourceVersionDate "2024.10.14"]
[SourceQuality "1"]

1. d4 Nf6 2. Nc3 d5 3. Bf4 c5 4. e3 a6 5. Nf3 Nc6 6. Ne5 Bf5 7. a3 e6 8. Bd3 cxd4 9. Nxc6 bxc6 10. exd4 Bxd3 11. Qxd3 c5 12. 0-0 cxd4 13. Qxd4 Be7 14. Be5 0-0 15. Rfe1 Rc8 16. Rad1 Bc5 17. Qh4 Ne4 18. Rxe4 dxe4 19. Rxd8 Rfxd8 20. Qg4 Bf8 21. h4 f5 22. Qe2 Rc5 23. Bf4 a5 24. Qa6 Kf7 25. h5 Be7 26. Qa7 h6 27. Be3 Rc6 28. Qxa5 Rd7 29. Qb5 Rcc7 30. a4 Rb7 31. Qc4 Rxb2 32. Nb5 Rb1+ 33. Kh2 Bf6 34. Nd6+ Ke7 35. Bc5 Be5+ 36. g3 Bxd6 37. Bxd6+ Rxd6 38. Qc7+ Rd7 39. Qc5+ Kf7 40. Qc6 Rbd1 41. a5 R1d6 42. Qb5 Rd2 43. Kh1 Rd1+ 44. Kg2 R7d2 45. a6 e3 46. Qb7+ Kf6 47. a7 Rxf2+ 48. Kh3 Rdd2 49. Qh1 f4 50. a8Q f3 51. Qaxf3+ Rxf3 52. Qxf3+ Ke7 53. Qxe3 Rd6 54. Qc5 Kd7 55. Qb5+ Ke7 56. c4 Rd3 57. c5 Rd5 58. Qb7+ Kf6 59. c6 Rxh5+ 60. Kg2 Rb5 61. Qxb5 1-0

[Event "Titled Tuesday intern op 11th Jun Early"]
[Site "Chess.com INT"]
[Date "2024.06.11"]
[Round "9"]
[White "Titus, Andrew L"]
[Black "Kuznetsova, Olga"]
[Result "1-0"]
[WhiteElo "2200"]
[BlackElo "2142"]
[PlyCount "39"]
[EventDate "2024.06.11"]
[EventType "swiss (blitz)"]
[EventRounds "11"]
[EventCountry "USA"]
[SourceTitle "EXT 2025"]
[Source "ChessBase"]
[SourceDate "2024.10.14"]
[SourceVersion "1"]
[SourceVersionDate "2024.10.14"]
[SourceQuality "1"]

1. e4 e6 2. d4 d5 3. Nd2 dxe4 4. Nxe4 Nd7 5. Bd3 Ngf6 6. Qe2 Be7 7. Nf3 0-0 8. Bg5 h6 9. Nxf6+ Nxf6 10. Bxf6 Bxf6 11. 0-0-0 Qd5 12. Kb1 Rd8 13. h4 a5 14. c4 Qd6 15. Qe4 Bd7 16. Qh7+ Kf8 17. c5 Qd5 18. Be4 Qh5 19. d5 c6 20. Qh8+ 1-0

[Event "Titled Tuesday intern op 25th Jul Early"]
[Site "Chess.com INT"]
[Date "2023.07.25"]
[Round "1"]
[White "Kevlishvili, Robby"]
[Black "Kuznetsova, Olga"]
[Result "1-0"]
[WhiteElo "2529"]
[BlackElo "2142"]
[PlyCount "85"]
[EventDate "2023.07.25"]
[EventType "swiss (blitz)"]
[EventRounds "11"]
[EventCountry "USA"]
[SourceTitle "EXT 2024"]
[Source "ChessBase"]
[SourceDate "2023.10.10"]
[SourceVersion "1"]
[SourceVersionDate "2023.10.10"]
[SourceQuality "1"]

1. d4 Nf6 2. c4 e6 3. Nf3 d5 4. Nc3 Be7 5. Bg5 0-0 6. e3 Ne4 7. Bxe7 Qxe7 8. Rc1 c6 9. Be2 f5 10. 0-0 Nd7 11. a3 a5 12. Ne1 Qg5 13. Nd3 Qh6 14. b4 axb4 15. axb4 dxc4 16. Ne5 Nd6 17. Nxc4 Nxc4 18. Bxc4 Nb6 19. Bb3 Kh8 20. Ne2 Nd5 21. Bxd5 exd5 22. Nf4 g5 23. Nd3 f4 24. Ne5 Bf5 25. b5 cxb5 26. Qb3 Be4 27. f3 Bg6 28. exf4 Rxf4 29. Qxd5 Qg7 30. Rc5 b4 31. Rb5 Bd3 32. Nxd3 Rxd4 33. Qb3 Rad8 34. Nf2 Rd2 35. Rxb4 Qc7 36. Rxb7 Qc5 37. Rb5 Qa7 38. Qc3+ Kg8 39. Qc5 Qxc5 40. Rxc5 h6 41. h3 Ra2 42. Ne4 Rb8 43. Rf2 1-0